| 000 | 00714nam a22001937a 4500 | ||
|---|---|---|---|
| 999 |
_c188124 _d188124 |
||
| 005 | 20220510153525.0 | ||
| 010 | _aUR-11541 | ||
| 020 |
_c395.00 _a9789390579204 |
||
| 035 | _aU-10096 | ||
| 037 |
_bDBAD/PUB _a- |
||
| 082 |
_a841 _2Ist |
||
| 100 | _aمحمد ا حسن ،ا حسن شکا ر پو ر ی | ||
| 245 |
_aبو ۓ بہشت _c محمد ا حسن ،ا حسن شکا ر پو ر ی _hا ر د و |
||
| 246 |
_bBuai Bahisht (Urdu) _aby Mohd. Ahsan ,Ahsan Shikar puri |
||
| 260 |
_aN.Delhi _bApplied Books _c2021ء |
||
| 270 |
_a1739/104,M.P. Street Pataudi House Darya Ganj , _bNew Delhi _e110002 _k23266347 _l- |
||
| 300 |
_a564 ص _c22 Cm(Hb) |
||
| 942 |
_2ddc _cUR _h841 _mا ح س |
||